Glee Quotes Quiz Stats

 Plays Quiz not verified by Sporcle

Challenge
Share
Tweet
Embed
Score 0/16 Timer 08:00
0 Plays Today
Quote Character % Correct
Listen, I'm not breaking up with you, but please stop super-sizing, 'cause I don't dig on fat chicks.Puck
81.7%
You have to go take me to get one of those Jewish baby tests.Quinn
81.3%
There's no joy in these kids. They feel invisible. That's why everyone of them has a Myspace page.Will
78.6%
Oh, Bambi, I cried so hard when those hunters shot your mommy.Kurt
78.6%
My parents won't even let me watch 'Twilight.' My mom says she thinks Kristen Stewart seems like a bitch.Tina
78.6%
I've never told you guys before, but I'm a little psychic. I can't read minds or anything yet, but I do have a sixth sense.Rachel
75.6%
See, guys, it's like cool epilepsy.Brittany
75.4%
Yes, you should move to Israel.Santana
74.9%
Quote Character % Correct
Sue, there is an orgy of evidence stacked against you!Figgins
73.4%
I am about to vomit down your back.Sue
67.5%
Wait, what's a cliché? Is that a bad thing?Finn
67%
I want a look that's so optimistic it could cure cancer.Shelby
60.9%
I once got a cake out of a kid's birthday party with the candles still lit! April
58.7%
Just come out so we can talk…or sing about it.Jesse
56%
Lindsay Lohan looks like something out of “Lord of the Rings.” Emma
51.9%
I'm going to stop you. You had me at sex tape. Artie
42.9%

You're not logged in!

Compare scores with friends on all Sporcle quizzes.
OR
Log In

You Might Also Like...

Show Comments

Extras

Created Jul 9, 2010ReportNominate
Tags:Quote Quiz, character, glee

Top Quizzes Today


Score Distribution

Your Account Isn't Verified!

In order to create a playlist on Sporcle, you need to verify the email address you used during registration. Go to your Sporcle Settings to finish the process.

Report this User

Report this user for behavior that violates our Community Guidelines.

Details: